ბათუმის შოთა რუსთაველის სახელმწიფო უნივერსიტეტის ბიბლიოთეკა

Основы техники безопастности в электроустановках. (ბიბ.ჩანაწერი № 37178)

000 -LEADER
fixed length control field 00763nam a2200229Ia 4500
001 - CONTROL NUMBER
control field 3134
003 - CONTROL NUMBER IDENTIFIER
control field GE_BSU
008 - FIXED-LENGTH DATA ELEMENTS--GENERAL INFORMATION
fixed length control field 181216s||||||||xx |||||||||||||| ||und||
040 ## - CATALOGING SOURCE
Transcribing agency GE_BSU
080 ## - UNIVERSAL DECIMAL CLASSIFICATION NUMBER
Universal Decimal Classification number 621.31(075.8)
100 ## - MAIN ENTRY--PERSONAL NAME
Personal name Долин,П.А.
245 ## - TITLE STATEMENT
Title Основы техники безопастности в электроустановках.
245 ## - TITLE STATEMENT
Remainder of title Учеб.пособие.
245 ## - TITLE STATEMENT
Statement of responsibility, etc. Ред.из-ва Р.М.Ваничкина.
250 ## - EDITION STATEMENT
Edition statement Изд 2-ое, перераб.и доп.
260 ## - PUBLICATION, DISTRIBUTION, ETC.
Place of publication, distribution, etc. М.
260 ## - PUBLICATION, DISTRIBUTION, ETC.
Name of publisher, distributor, etc. Энергоатомиздат.
260 ## - PUBLICATION, DISTRIBUTION, ETC.
Date of publication, distribution, etc. 1984.
300 ## - PHYSICAL DESCRIPTION
Extent 448 стр.с илл.20 см.
653 ## - INDEX TERM--UNCONTROLLED
Uncontrolled term Основы техники безопастности в электроустановках.
942 ## - ADDED ENTRY ELEMENTS (KOHA)
Koha item type წიგნი
ეგზემპლარები
Withdrawn status Lost status Damaged status Not for loan Date acquired Barcode Date last seen Price effective from Koha item type
        2018-12-17 8479 2018-12-17 2018-12-17 წიგნი
        2018-12-17 8480 2018-12-17 2018-12-17 წიგნი
        2018-12-17 8481 2018-12-17 2018-12-17 წიგნი
        2018-12-17 8482 2018-12-17 2018-12-17 წიგნი